[Event "Manitou Springse ch-Colorado"]
[Site "Manitou"]
[Date "2013.04.??"]
[Round "?"]
[White "Ginat, Michael"]
[Black "Wall, Brian D"]
[Result "0-1"]
[WhiteElo "2238"]
[BlackElo "2204"]
[PlyCount "104"]
[EventDate "2013.04.19"]
[EventType "tourn"]
[EventRounds "5"]
[EventCountry "USA"]
[SourceTitle "EXT 2020"]
[Source "ChessBase"]
[SourceDate "2019.10.17"]
[SourceVersion "1"]
[SourceVersionDate "2019.10.17"]
[SourceQuality "1"]

1. d4 Nc6 2. Nf3 d5 3. e3 Bg4 4. Be2 e6 5. Nbd2 Nf6 6. 0-0 Be7 7. b3 0-0 8. Bb2 a5 9. c4 a4 10. bxa4 Ra7 11. cxd5 exd5 12. Bd3 Qd6 13. Qb3 Rfa8 14. Rfc1 Bc8 15. Ne5 Nd8 16. a5 Rxa5 17. a4 c6 18. Bc3 R5a7 19. Qc2 b6 20. Bb2 c5 21. Bb5 Ba6 22. Bxa6 Rxa6 23. Ba3 Ne6 24. Nd3 Qd8 25. dxc5 Rxa4 26. Bb2 Rxa1 27. Bxa1 bxc5 28. Bxf6 Bxf6 29. Nxc5 Rc8 30. Ndb3 Nxc5 31. Nxc5 Be7 32. g3 Rxc5 33. Qxc5 Bxc5 34. Rxc5 Kf8 35. Rc1 Ke7 36. Rd1 Ke6 37. h4 f5 38. Rd4 g6 39. Kg2 Ke5 40. Rb4 Qc7 41. Rd4 Qc6 42. Kg1 Qc3 43. Ra4 Qb2 44. Kg2 Qc3 45. Rf4 Kd6 46. Ra4 Qc7 47. Rf4 Kc5 48. Rd4 Qe5 49. Rf4 Qxf4 50. gxf4 d4 51. exd4+ Kxd4 52. h5 gxh5 0-1

[Event "New South Wales-ch"]
[Site "West Ryde"]
[Date "2004.??.??"]
[Round "2"]
[White "Ginat, Michael"]
[Black "Stead, Kerry"]
[Result "0-1"]
[WhiteElo "2156"]
[BlackElo "1977"]
[PlyCount "80"]
[EventDate "2004.10.??"]
[EventType "swiss"]
[EventRounds "9"]
[EventCountry "AUS"]
[SourceTitle "EXT 2006"]
[Source "ChessBase"]
[SourceDate "2005.11.24"]
[SourceVersion "1"]
[SourceVersionDate "2005.11.24"]
[SourceQuality "1"]

1. d4 Nf6 2. c4 c5 3. d5 b5 4. cxb5 a6 5. b6 e6 6. Nc3 exd5 7. Nxd5 Nxd5 8. Qxd5 Nc6 9. Nf3 Rb8 10. Ne5 Qf6 11. Nxc6 dxc6 12. Qe4+ Be7 13. g3 Rxb6 14. Bg2 0-0 15. 0-0 Bf5 16. Qf3 Be6 17. Rd1 Qxf3 18. Bxf3 Bf6 19. Be3 Rxb2 20. Bxc5 Rc8 21. a4 Bc4 22. e3 Rc2 23. Bd4 Bxd4 24. Rxd4 Kf8 25. Rb1 Rc7 26. Kg2 Ke7 27. h4 f5 28. Rb8 Bf7 29. h5 c5 30. Rf4 Ra2 31. Rxf5 Rxa4 32. Rh8 h6 33. Rh7 Ke6 34. g4 Be8 35. Rh8 Bc6 36. Bxc6 Rxg4+ 37. Kh3 Kxf5 38. Rf8+ Ke6 39. Kxg4 Rxc6 40. Rg8 c4 0-1

[Event "Australian Masters"]
[Site "Melbourne"]
[Date "1999.07.09"]
[Round "11"]
[White "Solomon, Stephen J"]
[Black "Ginat, Michael"]
[Result "1-0"]
[WhiteElo "2435"]
[BlackElo "2225"]
[PlyCount "97"]
[EventDate "1999.??.??"]
[EventType "tourn"]
[EventRounds "11"]
[EventCountry "AUS"]
[EventCategory "1"]
[SourceTitle "EXT 2001"]
[Source "ChessBase"]
[SourceDate "2000.11.22"]
[SourceVersion "1"]
[SourceVersionDate "2000.11.22"]
[SourceQuality "1"]

1. e4 c5 2. Nf3 e6 3. d4 cxd4 4. Nxd4 Nf6 5. Nc3 d6 6. Bg5 Be7 7. Qd2 h6 8. Bxf6 Bxf6 9. Ndb5 0-0 10. Qxd6 Bxc3+ 11. bxc3 Nc6 12. Qxd8 Rxd8 13. Rd1 Rxd1+ 14. Kxd1 Bd7 15. Kd2 Kf8 16. Bd3 b6 17. Rb1 Ke7 18. Nd4 e5 19. Nb5 Rc8 20. a4 Be6 21. g3 f6 22. h4 Kd7 23. f4 Ke7 24. f5 Bf7 25. g4 g6 26. Ke3 Rg8 27. a5 gxf5 28. gxf5 Rb8 29. axb6 axb6 30. Nc7 Na5 31. Rg1 Rg8 32. Rxg8 Bxg8 33. Na8 Bf7 34. Nxb6 Kd6 35. Ba6 Kc7 36. Na4 Kd6 37. Kd3 Nc6 38. Bb5 Nd8 39. Ba6 Be8 40. Nb6 Bc6 41. c4 Kc5 42. Nd5 Bxd5 43. cxd5 Nf7 44. Ke3 Nd6 45. Kf3 Kd4 46. Bd3 h5 47. Ke2 Kc3 48. Ke3 Ne8 49. Be2 1-0

[Event "Australian Masters"]
[Site "Melbourne"]
[Date "1999.07.05"]
[Round "7"]
[White "Ginat, Michael"]
[Black "Hacche, David"]
[Result "1-0"]
[WhiteElo "2225"]
[BlackElo "2225"]
[PlyCount "99"]
[EventDate "1999.??.??"]
[EventType "tourn"]
[EventRounds "11"]
[EventCountry "AUS"]
[EventCategory "1"]
[SourceTitle "EXT 2001"]
[Source "ChessBase"]
[SourceDate "2000.11.22"]
[SourceVersion "1"]
[SourceVersionDate "2000.11.22"]
[SourceQuality "1"]

1. Nf3 g6 2. d4 Bg7 3. c4 d6 4. g3 c5 5. Bg2 Qb6 6. dxc5 Qxc5 7. Qb3 Nc6 8. Be3 Qb4+ 9. Nc3 Nh6 10. 0-0 Nf5 11. Qxb4 Nxb4 12. Bd2 0-0 13. a3 Nc2 14. Rab1 Ncd4 15. b3 Nxf3+ 16. Bxf3 Nd4 17. Be4 Bg4 18. Rfe1 Rab8 19. Kg2 Bd7 20. e3 Nc6 21. Red1 Rfd8 22. Be1 f5 23. Bc2 Ne5 24. e4 Bc6 25. h3 fxe4 26. Bxe4 Bxe4+ 27. Nxe4 b5 28. c5 dxc5 29. Nxc5 Rdc8 30. Ne6 Bf6 31. Rd5 Rb6 32. Rc5 Rcc6 33. Rxc6 Rxc6 34. Nf4 Rc2 35. Nd5 Kf7 36. Nb4 Re2 37. Kf1 Re4 38. Rd1 Nf3 39. Nd5 Bd4 40. Ba5 Be5 41. Rd3 Ng5 42. f4 e6 43. Nb4 Bxf4 44. gxf4 Rxf4+ 45. Kg2 Ne4 46. Nc6 Rf2+ 47. Kg1 Ra2 48. Bb4 a6 49. Rf3+ Ke8 50. Re3 1-0

[Event "Australian Masters"]
[Site "Melbourne"]
[Date "1999.07.02"]
[Round "5"]
[White "Ginat, Michael"]
[Black "Allen, Andrew"]
[Result "1/2-1/2"]
[WhiteElo "2225"]
[BlackElo "2261"]
[PlyCount "32"]
[EventDate "1999.??.??"]
[EventType "tourn"]
[EventRounds "11"]
[EventCountry "AUS"]
[EventCategory "1"]
[SourceTitle "EXT 2001"]
[Source "ChessBase"]
[SourceDate "2000.11.22"]
[SourceVersion "1"]
[SourceVersionDate "2000.11.22"]
[SourceQuality "1"]

1. d4 Nf6 2. Nf3 e6 3. Bg5 c5 4. c3 Be7 5. e3 b6 6. Nbd2 Bb7 7. Bd3 d6 8. 0-0 Nbd7 9. Qe2 0-0 10. Rfe1 Nd5 11. Bxe7 Qxe7 12. a4 cxd4 13. Nxd4 Ne5 14. Ba6 Rab8 15. Bxb7 Qxb7 16. Red1 Rfd8 1/2-1/2

[Event "Doeberl Cup 34th"]
[Site "Canberra"]
[Date "1996.??.??"]
[Round "2"]
[White "Gluzman, Mikhail"]
[Black "Ginat, Michael"]
[Result "1-0"]
[WhiteElo "2425"]
[BlackElo "2225"]
[PlyCount "52"]
[EventDate "1996.04.??"]
[EventType "swiss"]
[EventRounds "7"]
[EventCountry "AUS"]
[SourceTitle "CBM 051 Extra"]
[Source "ChessBase"]
[SourceDate "1996.05.01"]
[SourceVersion "1"]
[SourceVersionDate "1996.05.01"]
[SourceQuality "1"]

1. e4 e5 2. Nf3 Nc6 3. Nc3 Nf6 4. d4 exd4 5. Nxd4 Bc5 6. Be3 Bb6 7. Nxc6 dxc6 8. Qxd8+ Kxd8 9. Bg5 Ke8 10. Bd3 Be6 11. Na4 Nd7 12. Nxb6 axb6 13. Bf4 Rc8 14. f3 Ke7 15. 0-0 f6 16. Rfe1 Ne5 17. Bf1 Rhd8 18. h4 Rd7 19. Bg3 Ra8 20. a4 c5 21. f4 Nc6 22. Bb5 Bg4 23. f5 Ra7 24. c3 Ra8 25. Bxc6 Kf8 26. a5 bxa5 1-0

[Event "AUS-ch"]
[Site "Sydney"]
[Date "1990.??.??"]
[Round "3"]
[White "Ginat, Michael"]
[Black "Hill, Robin"]
[Result "0-1"]
[WhiteElo "2190"]
[BlackElo "2175"]
[PlyCount "100"]
[EventDate "1990.01.??"]
[EventType "swiss"]
[EventRounds "11"]
[EventCountry "AUS"]
[SourceTitle "EXT 2011"]
[Source "ChessBase"]
[SourceDate "2010.11.26"]
[SourceVersion "1"]
[SourceVersionDate "2010.11.26"]
[SourceQuality "1"]

1. d4 Nf6 2. c4 e6 3. Nc3 d5 4. Bg5 Be7 5. e3 0-0 6. Nf3 h6 7. Bxf6 Bxf6 8. Qd2 b6 9. cxd5 exd5 10. Bd3 Re8 11. 0-0-0 a5 12. Rhg1 a4 13. g4 a3 14. b3 Na6 15. h4 g6 16. g5 hxg5 17. Nxg5 Nb4 18. Bb1 Be6 19. f4 Qd7 20. f5 Bxf5 21. Rdf1 Bxg5 22. Bxf5 Qxf5 23. Rxf5 Bxe3 24. h5 Bxd2+ 25. Kxd2 Re6 26. Nxd5 Nxd5 27. Rxd5 Kg7 28. Rd7 c5 29. Rf1 Rf8 30. d5 Re5 31. hxg6 Kxg6 32. Rd6+ f6 33. Rxb6 Rxd5+ 34. Kc3 Rf5 35. Rxf5 Kxf5 36. Rc6 Ke4 37. Rxc5 f5 38. Rc7 f4 39. Re7+ Kf3 40. b4 Kg2 41. Rg7+ Kf1 42. Kb3 f3 43. Rc7 f2 44. Rc1+ Ke2 45. Kxa3 f1Q 46. Rxf1 Rxf1 47. b5 Kd3 48. Kb4 Kd4 49. a4 Kd5 50. Ka5 Ra1 0-1

[Event "Adelaide op"]
[Site "Adelaide"]
[Date "1990.??.??"]
[Round "5"]
[White "Ginting, Nasib"]
[Black "Ginat, Michael"]
[Result "1-0"]
[WhiteElo "2385"]
[BlackElo "2230"]
[PlyCount "75"]
[EventDate "1990.12.??"]
[EventType "swiss"]
[EventRounds "11"]
[EventCountry "AUS"]
[SourceTitle "EXT 1997"]
[Source "ChessBase"]
[SourceDate "1996.11.15"]
[SourceVersion "1"]
[SourceVersionDate "1996.11.15"]
[SourceQuality "1"]

1. d4 Nf6 2. c4 e6 3. g3 c5 4. Nf3 cxd4 5. Nxd4 Qc7 6. Nc3 a6 7. Qd3 d6 8. Bg2 Be7 9. 0-0 0-0 10. b3 Nbd7 11. Rd1 Rd8 12. Bb2 Ne5 13. Qd2 Bd7 14. Rac1 Rab8 15. h3 Be8 16. e4 Nfd7 17. Kh1 Nc5 18. Qe2 Bf8 19. f4 Nc6 20. Nxc6 bxc6 21. Rd2 a5 22. Ba3 Na6 23. Rcd1 Nb4 24. Bb2 a4 25. Nxa4 Nxa2 26. c5 Nb4 27. Qg4 g6 28. Nb6 Rxb6 29. cxb6 Qxb6 30. Qg5 Bg7 31. Bxg7 Kxg7 32. Rxd6 f6 33. Qg4 Rxd6 34. Rxd6 Bf7 35. Rd7 c5 36. e5 Nd5 37. Bxd5 f5 38. Qh4 1-0

[Event "Australian Masters"]
[Site "Melbourne"]
[Date "1989.??.??"]
[Round "?"]
[White "Ginat, Michael"]
[Black "Booth, Stewart"]
[Result "1-0"]
[WhiteElo "2220"]
[BlackElo "2300"]
[PlyCount "125"]
[EventDate "1989.02.??"]
[EventType "tourn"]
[EventRounds "9"]
[EventCountry "AUS"]
[EventCategory "2"]
[SourceTitle "EXT 2002"]
[Source "ChessBase"]
[SourceDate "2001.11.25"]
[SourceVersion "1"]
[SourceVersionDate "2001.11.25"]
[SourceQuality "1"]

1. d4 Nf6 2. Nf3 d5 3. c4 e6 4. Nc3 Be7 5. Bg5 c6 6. e3 0-0 7. Qc2 Nbd7 8. cxd5 exd5 9. Bd3 Re8 10. 0-0 Nf8 11. h3 g6 12. Rab1 Ne6 13. Bxf6 Bxf6 14. b4 a6 15. a4 b6 16. Rfc1 Qd6 17. Qb3 Bb7 18. Rc2 Bg7 19. a5 b5 20. Rbc1 f5 21. g3 Kh8 22. Ne2 Re7 23. Kg2 Rf8 24. h4 Bf6 25. Rh1 Bc8 26. Qb1 Nd8 27. Nf4 Kg8 28. Rcc1 Rg7 29. Qb3 Be6 30. Be2 h6 31. Bd3 Bf7 32. Bb1 g5 33. hxg5 hxg5 34. Nh5 Rh7 35. Nxf6+ Qxf6 36. Rxh7 Kxh7 37. Ne5 Be8 38. g4 Kg7 39. Bxf5 Rh8 40. Qb1 Nf7 41. Nxf7 Bxf7 42. Rh1 Rxh1 43. Kxh1 Be6 44. f3 Qf8 45. Kg2 Bxf5 46. Qxf5 Qxb4 47. Qxg5+ Kh7 48. Qf5+ Kg7 49. Qe5+ Kg8 50. Qe8+ Kg7 51. Qd7+ Kh8 52. Qc8+ Kg7 53. Qc7+ Kh8 54. Qd8+ Kg7 55. Qg5+ Kh7 56. Qh5+ Kg8 57. Qg6+ Kh8 58. Qh6+ Kg8 59. Qe6+ Kg7 60. Qe5+ Kg8 61. Qe6+ Kg7 62. g5 Qxa5 63. Qe7+ 1-0

[Event "Australian Masters"]
[Site "Melbourne"]
[Date "1989.??.??"]
[Round "?"]
[White "Solomon, Stephen J"]
[Black "Ginat, Michael"]
[Result "1-0"]
[WhiteElo "2370"]
[BlackElo "2220"]
[PlyCount "63"]
[EventDate "1989.02.??"]
[EventType "tourn"]
[EventRounds "9"]
[EventCountry "AUS"]
[EventCategory "2"]
[SourceTitle "EXT 2002"]
[Source "ChessBase"]
[SourceDate "2001.11.25"]
[SourceVersion "1"]
[SourceVersionDate "2001.11.25"]
[SourceQuality "1"]

1. e4 c5 2. Nf3 e6 3. d4 cxd4 4. Nxd4 Nf6 5. Nc3 d6 6. Be2 Nc6 7. 0-0 a6 8. Be3 Be7 9. f4 Qc7 10. Qe1 0-0 11. Qg3 Kh8 12. Rae1 e5 13. Nf5 Bxf5 14. exf5 Rac8 15. Bf3 b5 16. Rf2 b4 17. Nd5 Nxd5 18. Bxd5 Bf6 19. Qh3 exf4 20. Rxf4 Rfe8 21. Bf2 Rxe1+ 22. Bxe1 Nd4 23. Re4 Qc5 24. Qe3 h6 25. Re8+ Rxe8 26. Qxe8+ Kh7 27. Qxf7 Nf3+ 28. Kf1 Qg1+ 29. Ke2 Qxe1+ 30. Kxf3 Qf1+ 31. Kg4 Qd1+ 32. Kh3 1-0

[Event "AUS-ch"]
[Site "Gosford"]
[Date "1988.01.11"]
[Round "13.5"]
[White "Ginat, Michael"]
[Black "Viner, Phillip John"]
[Result "1-0"]
[WhiteElo "2192"]
[BlackElo "2083"]
[PlyCount "79"]
[EventDate "1987.??.??"]
[EventType "swiss"]
[EventRounds "13"]
[EventCountry "AUS"]
[SourceTitle "EXT 2003"]
[Source "ChessBase"]
[SourceDate "2002.11.25"]
[SourceVersion "1"]
[SourceVersionDate "2002.11.25"]
[SourceQuality "1"]

1. d4 Nf6 2. Nf3 b6 3. c4 Bb7 4. g3 e6 5. Bg2 c5 6. d5 exd5 7. Nh4 g6 8. cxd5 Bg7 9. Nc3 0-0 10. 0-0 d6 11. Nf3 Re8 12. Nd2 Qd7 13. a4 Na6 14. Nc4 Nc7 15. Bf4 Bf8 16. Re1 Ba6 17. Na3 Ng4 18. h3 Ne5 19. Qc2 Bg7 20. Rad1 Rac8 21. Kh2 f5 22. Bc1 Nf7 23. f4 Re7 24. Bf3 Rce8 25. b3 Nd8 26. g4 Bd4 27. Nc4 Nb7 28. e4 Bxc4 29. bxc4 Na5 30. Ne2 Bg7 31. gxf5 gxf5 32. Ng3 fxe4 33. Bxe4 Bf8 34. Nh5 Bg7 35. Bxh7+ Kf8 36. Rxe7 Qxe7 37. Qf5+ Bf6 38. Re1 Qf7 39. Bg6 Rxe1 40. Bxf7 1-0

[Event "AUS-ch"]
[Site "Gosford"]
[Date "1988.01.09"]
[Round "11.2"]
[White "Ginat, Michael"]
[Black "Johansen, Darryl Keith"]
[Result "1/2-1/2"]
[WhiteElo "2192"]
[BlackElo "2480"]
[PlyCount "114"]
[EventDate "1987.??.??"]
[EventType "swiss"]
[EventRounds "13"]
[EventCountry "AUS"]
[SourceTitle "EXT 2003"]
[Source "ChessBase"]
[SourceDate "2002.11.25"]
[SourceVersion "1"]
[SourceVersionDate "2002.11.25"]
[SourceQuality "1"]

1. d4 Nf6 2. Nf3 g6 3. c4 Bg7 4. g3 0-0 5. Bg2 d6 6. Nc3 Nbd7 7. 0-0 e5 8. e4 c6 9. h3 Re8 10. Re1 Qb6 11. d5 c5 12. Rb1 Qd8 13. a3 Re7 14. Bg5 h6 15. Bd2 Nf8 16. b4 b6 17. Qc2 Ne8 18. Nh4 Rc7 19. Nb5 Rb7 20. bxc5 bxc5 21. Nc3 Rab8 22. Rxb7 Rxb7 23. Rb1 Qd7 24. Rxb7 Qxb7 25. Kh2 Nd7 26. Bf1 h5 27. Qb1 Bf6 28. Qxb7 Bxb7 29. Ng2 Bd8 30. Bd3 Ba5 31. Ne3 Nb6 32. Nb1 Bxd2 33. Nxd2 Bc8 34. Kg2 Kf8 35. h4 Nf6 36. f3 Ke7 37. Nb3 Bd7 38. Nd2 Na4 39. Nd1 Ng8 40. Bc2 f5 41. f4 exf4 42. exf5 gxf5 43. gxf4 Nh6 44. Kf3 Ng4 45. Nf1 Nb6 46. Bd3 Kf6 47. Ng3 Kg6 48. Ne3 Nh6 49. Ke2 Nc8 50. Bc2 Ne7 51. Kf3 Ng4 52. Nd1 Nc8 53. Ne3 Ne7 54. Nd1 Kh6 55. Nf1 Kg6 56. Ng3 Kh6 57. Nf1 Kg6 1/2-1/2

[Event "Australian Masters"]
[Site "Melbourne"]
[Date "1987.??.??"]
[Round "5"]
[White "Ginat, Michael"]
[Black "Hay, Trevor"]
[Result "1/2-1/2"]
[WhiteElo "2192"]
[BlackElo "2355"]
[PlyCount "125"]
[EventDate "1987.12.??"]
[EventType "tourn"]
[EventRounds "9"]
[EventCountry "AUS"]
[EventCategory "3"]
[SourceTitle "EXT 2003"]
[Source "ChessBase"]
[SourceDate "2002.11.25"]
[SourceVersion "1"]
[SourceVersionDate "2002.11.25"]
[SourceQuality "1"]

1. d4 d5 2. Nf3 Nf6 3. c4 Bf5 4. cxd5 Bxb1 5. Rxb1 Qxd5 6. Qa4+ Nbd7 7. e3 0-0-0 8. Qc4 e5 9. Bd2 exd4 10. Qxd5 Nxd5 11. Nxd4 Bc5 12. Nb3 Bb4 13. Be2 Bxd2+ 14. Nxd2 N7f6 15. Nf3 Nb6 16. 0-0 Rd5 17. Rfd1 Rhd8 18. Kf1 Ne4 19. Rxd5 Rxd5 20. Rd1 Kd7 21. Rxd5+ Nxd5 22. Bc4 Kd6 23. Ke2 c5 24. Bd3 Ndf6 25. Nd2 Ng5 26. g3 h6 27. f4 Ne6 28. Nc4+ Ke7 29. Kf3 b5 30. Ne5 c4 31. Bc2 a6 32. g4 Nd5 33. a3 Nc5 34. Nc6+ Kf6 35. h4 h5 36. g5+ Ke6 37. e4 Nb6 38. f5+ Kd6 39. Nb4 Nba4 40. Bxa4 Nxa4 41. Kf4 a5 42. e5+ Kd7 43. Nd5 Nxb2 44. Ke4 Nd3 45. Kd4 Ne1 46. Kc5 Nf3 47. Kxb5 Nxh4 48. Nb6+ Kc7 49. f6 gxf6 50. Nd5+ Kb7 51. exf6 Nf3 52. g6 fxg6 53. f7 Nd4+ 54. Kc5 Ne6+ 55. Kd6 Nf8 56. Ke7 Nh7 57. Nf6 c3 58. Nxh7 c2 59. f8Q c1Q 60. Qf3+ Qc6 61. Qb3+ Qb6 62. Qd5+ Ka6 63. Qd3+ 1/2-1/2

[Event "Australian Masters"]
[Site "Melbourne"]
[Date "1987.??.??"]
[Round "3"]
[White "Ginat, Michael"]
[Black "Johansen, Darryl Keith"]
[Result "0-1"]
[WhiteElo "2192"]
[BlackElo "2410"]
[PlyCount "79"]
[EventDate "1987.12.??"]
[EventType "tourn"]
[EventRounds "9"]
[EventCountry "AUS"]
[EventCategory "3"]
[SourceTitle "EXT 2003"]
[Source "ChessBase"]
[SourceDate "2002.11.25"]
[SourceVersion "1"]
[SourceVersionDate "2002.11.25"]
[SourceQuality "1"]

1. d4 e6 2. Nf3 c5 3. c3 d5 4. Bg5 f6 5. Bf4 Nc6 6. e3 Bd6 7. Bxd6 Qxd6 8. Be2 Nge7 9. Nbd2 0-0 10. 0-0 cxd4 11. cxd4 e5 12. dxe5 fxe5 13. Ne4 Qg6 14. Ng3 Be6 15. Rc1 Qf6 16. Nh5 Qh6 17. Ng3 Rad8 18. Qa4 Nc8 19. Rfd1 Qf6 20. Nh5 Qf7 21. Qh4 Bf5 22. Ng5 Qe7 23. Ng3 Bg6 24. Bh5 Bxh5 25. Qxh5 h6 26. Nf3 Qf6 27. Rd2 e4 28. Nd4 Nxd4 29. exd4 Ne7 30. Qe2 Nc6 31. Qe3 Rd7 32. Rf1 Rdf7 33. f3 exf3 34. Rxf3 Qg6 35. Rxf7 Rxf7 36. h3 Qf6 37. Kh2 Re7 38. Qd3 Qf4 39. Rd1 Re3 40. Rf1 0-1